=LDR 00000nam 2200000 4500 =001 INLIS000000000027513 =005 20130612125901 =008 ***********************************Ind** =035 ##$$0010-061300000027513 =041 ##$$a Ind =082 ##$$a 795.4 =090 ##$$a 795.4, Sul m =100 ##$$a Sulisttyowati,Any =245 ##$$a Membuat kartu ucapan dari limbah, Any Sulistyowati,Anna Hadi purnamasari,Intan Darmawati =260 ##$$a 2004 $b Jakarta =300 ##$$a viii,52 hlm, ilus, 20 cm =650 ##$$a Kartu ucapan =700 ##$$a Purnamasari ,Anna Hadi 2.Darmawati,Intan =850 ##$$a NBPNMAT